Human Resource :Development, Planning and Deployment(Public Sector Perspective) (Record no. 699)

MARC details
000 -LEADER
Fixed length control field 00520nam a2200181 4500
003 - CONTROL NUMBER IDENTIFIER
Control field SEACOMMC
005 - DATE AND TIME OF LATEST TRANSACTION
Control field 20250423122308.0
008 - FIXED-LENGTH DATA ELEMENTS--GENERAL INFORMATION
Fixed length control field 241024b |||||||| |||| 00| 0 eng d
020 ## - INTERNATIONAL STANDARD BOOK NUMBER / ISBN
International Standard Book Number 81-86299-41-6
Price Rs.385.00
040 ## - CATALOGING SOURCE
Original cataloging agency SEACOMMC
082 ## - DEWEY DECIMAL CLASSIFICATION NUMBER
Classification number 658.3
Book Number S 474
100 ## - MAIN ENTRY--PERSONAL NAME
Personal name Sen, Aloke
245 1# - TITLE STATEMENT
Title Human Resource :Development, Planning and Deployment(Public Sector Perspective)
Statement of responsibility Aloke Sen
250 ## - EDITION STATEMENT
Edition statement 2nd ed.
260 ## - IMPRINT
Place of publication New Delhi
Name of publisher Asian Books
Date of publication 2007
650 ## - SUBJECT ADDED ENTRY--TOPICAL TERM
Topical term Personnel Management
942 ## - ADDED ENTRY ELEMENTS (KOHA)
Koha item type Books
Holdings
Withdrawn status Lost status Source of classification Damaged status Not for loan Home library Current library Shelving location Date acquired Total Checkouts Call number Accession number Date last seen Price effective from Koha item type Copy number
    Dewey Decimal Classification     SEACOM MANAGEMENT COLLEGE SEACOM MANAGEMENT COLLEGE Reference 03/11/2007   658.3 S 474 M-674 24/10/2024 24/10/2024 Books  
    Dewey Decimal Classification     SEACOM MANAGEMENT COLLEGE SEACOM MANAGEMENT COLLEGE   03/11/2007   658.3 S 474 M-675 24/10/2024 24/10/2024 Books 1
    Dewey Decimal Classification     SEACOM MANAGEMENT COLLEGE SEACOM MANAGEMENT COLLEGE   03/11/2007   658.3 S 474 M-676 24/10/2024 24/10/2024 Books 2
    Dewey Decimal Classification     SEACOM MANAGEMENT COLLEGE SEACOM MANAGEMENT COLLEGE   03/11/2007   658.3 S 474 M-677 24/10/2024 24/10/2024 Books 3
    Dewey Decimal Classification     SEACOM MANAGEMENT COLLEGE SEACOM MANAGEMENT COLLEGE   03/11/2007   658.3 S 474 M-678 24/10/2024 24/10/2024 Books 4
© Seacom Engineering College, All rights reserved.    Powered by Koha